000 00334pab a2200145 454500
008 180718b2004 xxu||||| |||| 00| 0 eng d
100 _aGupta, J.K.
245 _aApproaching good urban governance
260 _c2004
300 _ap.1-6.
362 _aApr-Jun
650 _aUrban development
773 _aNagarlok
909 _a62026
999 _c62026
_d62026